00706nam a22002297a 4500003000500000005001700005008004100022010001100063011001100074020001500085035001100100040000900111082001800120245006700138260006100205300002800266490005500294650002800349650002200377700002200399830005500421CHAP20220329143730.0110428s1996 ni a r 00010 eng d a101072 a102044 a0792339614 a112732 cCHAP04a616.9792bA2500aAIDS :bvirus or drug induced?c/editado por Peter H. Duesberg aDordrecht :aBoston :bKluwer Academic Publishers,c1996 a358 p. :bilus., tablas 0aContemporary issues in genetics and evolution ;v514aEnfermedades por virus.14aSIDA (Enfermedad)1 aDuesberg, Peter H 0aContemporary issues in genetics and evolution ;v5